000 00265nam a22001217a 4500
020 _a0-340-15101-3
082 _a808.3 CHA'E
100 _aCHARTERIS, LESLIE
_979275
245 _aENTER THE SAINT
260 _aLONDON
_bHODDER
_c1971
300 _a190P
942 _cBK
999 _c584327
_d584327